000 00872nam a22002897a 4500
003 CHAP
005 20220817042854.0
008 971013s1982 r 00010 d
010 _a58410
011 _a59382
035 _a63540
040 _cCHAP
082 _a636.08
_bS8
100 0 0 _aSuárez, Marcos A.
_9110744
245 _aManual de genética animal II y III
260 _aLa Habana :
_bEnspes,
_c1982
300 _a454 p.
_b: gráfs.
590 _aBATCH-UPD
_b10
_c20130110
_lUCH01
_h1159
590 _aBATCH-UPD
_b10
_c20130410
_lUCH01
_h0741
590 _aBATCH-UPD
_b10
_c20130914
_lUCH01
_h1538
590 _aCONVERSION
_b10
_c20130109
_lUCH01
_h1331
650 1 4 _aGenética animal.
901 _aBK
942 _cLIBRO
949 _a636.08 S8
_bBC
_cESP
_d-136592
_eESP
_h66325
_i63540
_si
949 _a636.08 S8
_bBC
_cESP
_d33724000264768
_eESP
_fc.2
_h68364
_i63540
_si
999 _c58410
_d58410